| 000 | 00465nam a22001691 4500 | ||
|---|---|---|---|
| 001 | sa 68015285 | ||
| 003 | DLC | ||
| 005 | 20260227112642.0 | ||
| 008 | 711115s1911 ii c 00010beng | ||
| 010 | _asa 68015285 | ||
| 050 | 0 |
_aDS475.2.R18 _bS3 |
|
| 100 | 1 | 0 | _aSamaddar, R. N. |
| 245 | 0 | 0 |
_aRaja Ram Mohun Roy, _cby R. N. Samaddar. |
| 260 | 0 |
_aCalcutta, _bI. A. Isaac, _c1911. |
|
| 300 |
_avi, 224 p. _bport. _c19 cm. |
||
| 600 | 2 | 0 |
_aRammohun Roy, Raja, _d1772?-1833. |
| 999 |
_c86373 _d86373 |
||